[Event "8th HDBank Cup 2018"]
[Site "Hanoi"]
[Date "2018.03.12"]
[Round "5"]
[White "Deepan Chakkravarthy J."]
[Black "Bui, Vinh"]
[Result "0-1"]
[WhiteElo "2520"]
[BlackElo "2400"]
[Annotator "TA"]
[PlyCount "108"]
[EventDate "2018.??.??"]
[EventCountry "VIE"]
[SourceTitle "playchess.com"]
[Source "ChessBase"]
[SourceQuality "1"]

{[%evp 24,108,65,23,41,61,56,0,0,0,56,28,25,37,55,-24,-19,-19,-16,-14,-18,-55,-46,-46,-39,-33,-32,-65,0,0,0,0,0,0,0,-18,0,0,17,0,0,0,0,0,7,0,0,0,0,32,20,8,8,14,51,36,75,34,39,0,0,0,6,0,0,0,0,0,0,0,0,-1228,-1262,-6536,-2939,-12828,-4499,-1702,-1514,-497,-473,-2015,-1274,-12845,-12846,-12847,-12847]} 1. e4 c5 2. Nf3 e6 3. d4 cxd4 4. Nxd4 a6 5. Bd3 Bc5 6. Nb3 Be7 7. O-O d6 8. c4 Nd7 9. Nc3 Ngf6 10. f4 {B42: Sicilian: Kan Variation: 5 Bd3} (10. a4 b6 11. a5 O-O 12. axb6 Nxb6 13. Be3 Qc7 14. Na5 Rb8 15. b4 Nfd7 16. Rc1 Ne5 17. Be2 Nbd7 {1-0 (64) Kasimdzhanov,R (2704)-Gajewski,G (2654) Berlin 2015}) 10... b6 11. Qe2 Qc7 12. Bd2 Bb7 13. Rae1 {LiveBook: 59 Games} g6 14. e5 Nh5 15. exd6 (15. f5 $14 Nxe5 16. fxe6 fxe6 17. Nd4) 15... Bxd6 $11 {[%cal Rh5f4]} 16. Nd5 Qb8 $146 (16... Qd8 $11) 17. g4 Ng7 18. Qf2 b5 19. Nb6 (19. f5 $14 O-O 20. f6 bxc4 21. Ne7+ (21. fxg7 Kxg7 22. Bxc4 exd5 $15) (21. Bxc4 exd5 22. fxg7 Kxg7 $15) 21... Bxe7 22. fxe7 cxd3 23. exf8=N (23. exf8=R+ Qxf8 24. Qd4 Bd5 $14) 23... Qxf8 24. Qd4) 19... Nxb6 20. Qxb6 bxc4 21. Bxc4 O-O 22. Na5 Bd5 23. Qxb8 Raxb8 24. Bxd5 exd5 25. b3 Rfc8 (25... f5 $15 26. h3 fxg4 27. hxg4 Rfc8) 26. Rc1 $1 f5 27. Nc6 Ra8 28. h3 {[%cal Bh2h3,Bh3g4,Bg4f5,Bf5f6][%mdl 32]} Ne6 29. b4 Rf8 30. Rce1 Rae8 31. a4 fxg4 32. hxg4 Nc7 33. f5 gxf5 34. Rxf5 Rxe1+ 35. Bxe1 Rxf5 36. gxf5 {[%mdl 4096] Endgame KBN-KBN} Kf7 37. Bc3 Ne8 38. Kg2 Ng7 39. Nd8+ Ke8 $1 40. f6 $1 {[%cal Rf6g7]} Nf5 41. Ne6 Kf7 42. Nd8+ Kg6 43. Nb7 Bf8 44. b5 axb5 45. a5 b4 {[%cal Bb5b4,Bb4b3,Bb3b2][%mdl 32]} 46. Bb2 {Black must now prevent a6.} Nd6 47. Nxd6 $4 {[%mdl 8192]} (47. Nd8 $11) 47... Bxd6 {KB-KB. Black is clearly winning.} 48. Bd4 b3 49. a6 Bb8 50. Kf3 h5 {[%cal Bh7h5,Bh5h4,Bh4h3][%mdl 32]} 51. Ke2 h4 52. Kd3 ({Not} 52. a7 {[#]} Bxa7 $1 {[%mdl 512]} 53. Be5 h3) (52. Be5 $142 Bxe5 53. f7 $1 {[%mdl 512]}) 52... h3 {...h2 is the strong threat.} 53. Be5 b2 54. Kc2 Bxe5 {Precision: White = 32%, Black = 69%.} 0-1

[Event "8th HDBank Cup 2018"]
[Site "Hanoi"]
[Date "2018.03.12"]
[Round "5"]
[White "Saduakassova Dinara"]
[Black "Shyaamnikhil P"]
[Result "1-0"]
[WhiteElo "2479"]
[BlackElo "2394"]
[Annotator "TA"]
[PlyCount "77"]
[EventDate "2018.??.??"]
[EventCountry "VIE"]
[SourceTitle "playchess.com"]
[Source "ChessBase"]
[SourceQuality "1"]

{[%evp 13,77,38,61,39,53,41,59,48,81,83,103,98,89,93,113,109,110,104,109,104,117,122,131,108,139,136,154,122,140,138,137,119,114,112,115,129,128,123,129,125,160,159,158,128,116,52,129,127,131,132,122,131,281,238,261,271,336,339,352,327,364,269,324,310,656,648]} 1. d4 Nf6 2. c4 {[%cal Bc2c4,Bc4b5][%mdl 32]} c5 3. d5 b5 4. cxb5 a6 5. bxa6 g6 6. Nc3 {A58: Benko/Volga Gambit: Lines with 5 bxa6} Bg7 (6... Bxa6 7. Nf3 Bg7 8. e4 Bxf1 9. Kxf1 d6 10. g3 O-O 11. Kg2 Na6 12. Qe2 Qb6 13. Rd1 Qb7 14. Rb1 Nd7 15. Bg5 Rfe8 16. a3 Nc7 17. Qc2 Nb6 18. a4 Rac8 19. b3 e6 20. dxe6 Nxe6 {1-0 (27) Jakovenko,D (2714)-Zvjaginsev,V (2673) Moscow 2016}) 7. Nf3 O-O {LiveBook: 114 Games} 8. a7 {White is slightly better.} Rxa7 9. e4 d6 10. Be2 Ba6 11. O-O Qb6 12. a4 Nbd7 13. Ra3 $36 {[%mdl 2048] White is in control.} Bxe2 $146 ({Predecessor:} 13... Rb8) 14. Qxe2 Qb4 15. Nd2 Ne8 16. Rb3 Qa5 17. Nc4 Qd8 18. Ra3 Nc7 19. Bg5 h6 20. Bd2 Qb8 21. Rb1 Kh7 22. h4 {[%cal Bh2h4,Bh4h5][%mdl 32]} Ne5 23. Nxe5 Bxe5 24. h5 g5 25. Nd1 Qa8 26. a5 Rb8 27. Qf3 Kg8 28. Ne3 {[#] Threatens to win with Nf5.} Nb5 29. Nf5 (29. Ra4 $16) 29... Kh7 ({Black should try} 29... Nxa3 $14 30. Nxh6+ Kg7 31. Nf5+ Kh7 32. Qxa3 Rab7) 30. Ra4 $16 e6 {[#]} 31. Ne3 $1 Nd4 32. Qd1 f5 (32... Qb7 $16 {was necessary.}) 33. exf5 $18 exf5 34. Bc3 f4 35. Nc2 ({Less strong is} 35. Bxd4 cxd4 36. Qd3+ Kh8 $16) 35... Qxd5 36. Nxd4 ({Weaker is} 36. Bxd4 cxd4 37. Nxd4 Rc8 $18) 36... cxd4 37. Qd3+ Kg8 38. Rd1 Qb3 $2 (38... g4 39. Rxd4 Bxd4) 39. Rxd4 {Precision: White = 71%, Black = 53%.} 1-0

[Event "8th HDBank Cup 2018"]
[Site "Hanoi"]
[Date "2018.03.12"]
[Round "5"]
[White "Dao, Thien Hai"]
[Black "Wang, Jue"]
[Result "1/2-1/2"]
[WhiteElo "2474"]
[BlackElo "2354"]
[Annotator "TA"]
[PlyCount "50"]
[EventDate "2018.??.??"]
[EventCountry "VIE"]
[SourceTitle "playchess.com"]
[Source "ChessBase"]
[SourceQuality "1"]

{[%evp 19,50,2,21,0,0,0,0,-34,11,-16,-3,-45,0,-7,-4,-8,14,14,14,17,13,7,26,24,24,22,26,-10,-5,-6,-7,-10,-8]} 1. d4 d5 2. c4 c6 3. Nf3 Nf6 4. Nc3 e6 5. e3 Nbd7 6. Qc2 Bd6 7. g4 Nxg4 8. Rg1 Qf6 9. Rxg4 {D45: Semi-Slav: 5 e3} Qxf3 10. Rxg7 Nf6 {LiveBook: 47 Games} (10... Nf8 {NOTEXT} 11. Rg1 Bxh2 12. Be2 Qh3 13. Rf1 Ng6) 11. Qe2 (11. Rg5 {NOTEXT} Qh1 12. Bd2 Qxh2 13. O-O-O Qxf2 14. Bd3) (11. Rg5 Qh1 12. Bd2 Bd7 13. O-O-O Qxh2 14. f4 Rg8 15. Bd3 O-O-O 16. cxd5 exd5 {0-1 (74) Wei,Y (2694)-Sethuraman,S (2647) Tashkent 2016}) 11... Qxe2+ 12. Bxe2 Bd7 $146 ({Find the theoretical novelty and annotate with similar games:} 12... Kf8 13. Rg2 e5 14. cxd5 Nxd5 15. Nxd5 cxd5 16. dxe5 Bxe5 {1-0 (37) Dobrov,V (2511)-Sveshnikov,V (2394) Jurmala 2014}) 13. f4 Bf8 14. Rg2 O-O-O 15. Bd2 Be7 16. O-O-O Rhg8 17. Rdg1 Rxg2 18. Rxg2 Rg8 19. Rxg8+ Nxg8 20. e4 {[%cal Rc4d5,Be3e4,Be4e5][%mdl 32]} Bf6 21. e5 Bh4 22. f5 f6 23. Bh5 {[#] Hoping for Bf7.} Ne7 {The position is equal.} 24. fxe6 Bxe6 25. cxd5 cxd5 {Precision: White = 43%, Black = 49%.} 1/2-1/2

[Event "8th HDBank Cup 2018"]
[Site "Hanoi"]
[Date "2018.03.12"]
[Round "5"]
[White "Karthikeyan, P.."]
[Black "Nguyen Ngoc Truong Son"]
[Result "1/2-1/2"]
[WhiteElo "2473"]
[BlackElo "2630"]
[Annotator "TA"]
[PlyCount "40"]
[EventDate "2018.??.??"]
[EventCountry "VIE"]
[SourceTitle "playchess.com"]
[Source "ChessBase"]
[SourceQuality "1"]

{[%evp 13,40,-25,0,0,0,9,9,-19,23,11,34,10,45,-52,-54,-50,-7,-25,21,25,26,22,58,40,86,94,97,96,108]} 1. d4 d5 2. c4 c6 3. Nf3 Nf6 4. Qc2 g6 5. Bf4 Bg7 6. e3 O-O 7. Bd3 dxc4 {LiveBook: 4 Games. D11: Slav Defence: 3 Nf3 sidelines and 3...Nf6 4 e3 Bg4} 8. Bxc4 Bf5 {[%cal Bc8f5,Bf5e4,Be4c6][%mdl 32]} 9. Qe2 Nbd7 {The position is equal.} 10. O-O c5 $146 ({Predecessor:} 10... Nb6 11. Bb3 a5 12. a3 a4 13. Ba2 Nbd5 14. Be5 Qb6 15. Rc1 {1-0 (44) Mareco,S (2603)-Palozi,P (2259) Curitiba 2010}) 11. Nc3 a6 12. Nh4 Be4 13. f3 ({White should try} 13. Rfd1 $14) 13... Bc6 $15 14. d5 Nxd5 (14... Bb5 $5) 15. Nxd5 {[#] Strongly threatening Bc7.} e6 16. Bc7 Qxh4 17. g3 $1 $36 {[%cal Rg3h4][%mdl 2048] White is pushing.} Qg5 18. h4 Qxd5 19. Bxd5 exd5 20. Qd2 Rfe8 {Precision: White = 59%, Black = 30%.} 1/2-1/2

[Event "8th HDBank Cup 2018"]
[Site "Hanoi"]
[Date "2018.03.12"]
[Round "5"]
[White "Santiago, Yago De Moura"]
[Black "Mareco, Sandro"]
[Result "0-1"]
[WhiteElo "2473"]
[BlackElo "2635"]
[Annotator "TA"]
[PlyCount "82"]
[EventDate "2018.??.??"]
[EventCountry "VIE"]
[SourceTitle "playchess.com"]
[Source "ChessBase"]
[SourceQuality "1"]

{[%evp 16,82,36,17,17,20,44,49,50,4,13,0,12,0,28,0,-14,-36,-42,-37,-43,-52,-50,-47,-37,-55,-26,-66,-54,-83,-78,-112,-120,-159,-160,-168,-150,-202,-189,-296,-320,-304,-311,-298,-295,-292,-295,-345,-372,-445,-352,-631,-630,-806,-770,-899,-887,-837,-759,-903,-904,-890,-888,-951,-942,-1304,-1282,-1329,-1246]} 1. d4 Nf6 2. c4 e6 3. Nf3 Bb4+ 4. Nbd2 O-O 5. a3 Be7 6. e4 d6 {E11: Bogo-Indian} 7. Qc2 (7. Be2 c5 8. d5 e5 9. Qc2 Nbd7 10. Nf1 a6 11. Bd2 Nh5 12. g3 g6 13. Ne3 Ng7 14. Bd3 {½-½ (35) Ding,L (2774)-Carlsen,M (2837) Saint Louis 2017}) 7... Nbd7 8. Be2 c5 9. d5 {LiveBook: 6 Games} exd5 10. cxd5 Ng4 {[%cal Bf6g4,Bg4e5,Be5g6][%mdl 32]} 11. O-O Bf6 12. Nb1 Re8 13. Nc3 a6 {[#]} 14. Nd2 $146 ({Predecessor:} 14. a4) 14... Nge5 15. f4 Ng6 16. Nc4 Bd4+ $1 17. Kh1 $1 Nf6 18. f5 Ne5 19. Nxe5 Bxe5 20. Bf3 b5 {[%cal Bb7b5,Bb5b4,Bb4b3][%mdl 32]} 21. Ne2 h6 22. Bd2 a5 23. Rf2 Ba6 24. Rg1 b4 25. g4 Nh7 26. Be3 (26. Rb1 $17 {might work better.}) 26... Rb8 $19 {[%cal Ba8b8,Bb8b4,Bb4a4][%mdl 32]} 27. a4 (27. Rb1 {is a better defense.}) 27... Ng5 28. Bg2 b3 29. Qb1 Bxe2 30. Rxe2 Rb4 31. Bd2 Rxa4 32. Qe1 Nh7 33. h4 $2 {[#]} (33. Bc3 Qf6 34. Bxe5 Qxe5 35. Qd2) 33... Bxb2 {Black is clearly winning.} 34. g5 Ra1 35. Qg3 Rxg1+ 36. Kxg1 Bd4+ 37. Kh1 b2 38. Re1 Be5 39. Qe3 a4 40. f6 hxg5 41. hxg5 Qb8 {Precision: White = 27%, Black = 80%.} 0-1

[Event "8th HDBank Cup 2018"]
[Site "Hanoi"]
[Date "2018.03.12"]
[Round "5"]
[White "Nguyen, Van Huy"]
[Black "Wen Yang"]
[Result "1/2-1/2"]
[WhiteElo "2454"]
[BlackElo "2608"]
[Annotator "TA"]
[PlyCount "60"]
[EventDate "2018.??.??"]
[EventCountry "VIE"]
[SourceTitle "playchess.com"]
[Source "ChessBase"]
[SourceQuality "1"]

{[%evp 17,60,22,25,10,37,22,25,27,13,19,8,20,18,8,12,0,10,0,0,0,0,0,19,0,0,0,0,0,0,0,5,10,7,17,20,0,0,0,0,0,0,0,0,0,0]} 1. d4 d6 2. Nf3 g6 3. g3 Bg7 4. Bg2 Nf6 5. O-O O-O 6. a4 a5 7. Re1 {A49: 1 d4 Nf6 2 Nf3 g6 3 g3: Anti-King's Indian systems} Nbd7 8. e4 e5 9. Nc3 Re8 {LiveBook: 32 Games} 10. b3 (10. Be3 b6 11. h3 Bb7 12. Nh2 Rb8 13. dxe5 Nxe5 14. Rb1 Nc4 15. Bd4 c5 16. Bxf6 Bxf6 17. Qd3 Ne5 18. Qd2 Nc4 19. Qd3 Ne5 20. Qd2 {½-½ (20) Aronian,L (2799)-Kasparov,G (2812) Saint Louis 2017}) 10... b6 11. Bb2 $146 ({Predecessor:} 11. Ba3 Bb7 12. d5 Nf8 13. Nd2 h5 14. h4 Ng4 15. Nc4 f5 16. Bc1 {0-1 (58) Dedebas,E (2258)-Amartuvshin,G (2201) Ahmedabad 2017}) 11... exd4 12. Nxd4 Bb7 13. Qd2 {The position is equal.} Nc5 {[%cal Rf6e4]} 14. f3 Qd7 15. Rad1 Re7 16. Bf1 Rd8 17. Bb5 c6 18. Bf1 Qe8 19. Qc1 Nfd7 {[%cal Bf6d7,Bd7e5,Be5d3][%mdl 32]} 20. Nde2 Ne5 21. Bg2 d5 22. exd5 cxd5 23. Nb5 Ned3 24. cxd3 {[#] aiming for Bxg7.} Rxe2 25. Bxg7 Kxg7 26. Nd4 Re7 27. Nf5+ gxf5 28. Qg5+ Kf8 29. Qh6+ Kg8 30. Qg5+ Kf8 {Precision: White = 61%, Black = 63%.} 1/2-1/2

[Event "8th HDBank Cup 2018"]
[Site "Hanoi"]
[Date "2018.03.12"]
[Round "5"]
[White "Harsha Bharathakoti"]
[Black "Bogdanovich, Stanislav"]
[Result "1-0"]
[WhiteElo "2443"]
[BlackElo "2560"]
[Annotator "TA"]
[PlyCount "54"]
[EventDate "2018.??.??"]
[EventCountry "VIE"]
[SourceTitle "playchess.com"]
[Source "ChessBase"]
[SourceQuality "1"]

{[%evp 19,54,35,52,5,25,22,41,35,94,93,100,91,96,102,108,99,105,95,81,73,100,107,116,108,112,91,112,94,159,35,39,37,99,99,100,110,220]} 1. d4 Nf6 2. c4 c5 3. d5 b5 4. cxb5 a6 5. e3 g6 6. Nc3 Bg7 7. Nf3 O-O 8. a4 d6 9. Be2 {A57: Benko/Volga Gambit} (9. Ra3 Bb7 10. Be2 axb5 11. Bxb5 Na6 12. O-O Nc7 13. Bc4 e6 14. e4 Nxe4 15. Nxe4 exd5 16. Rb3 Bc6 17. Rb6 Qd7 18. Nxd6 dxc4 19. Nxc4 Qxd1 20. Rxd1 Bxf3 21. gxf3 Rxa4 {0-1 (61) Gozzoli,Y (2561)-Bauer,C (2618) Saint-Quentin 2015}) 9... axb5 10. Bxb5 Ba6 {LiveBook: 20 Games} 11. Bd2 {White is slightly better.} Nbd7 12. O-O Qb6 13. e4 Rfb8 $146 (13... Bxb5 $14 14. axb5 Rxa1 15. Qxa1 Rb8) ({Predecessor:} 13... Bxb5 14. axb5 Rfb8 15. Qe2 Ne8 16. Ra3 Nc7 17. Rfa1 Rxa3 18. Rxa3 Bxc3 19. Rxc3 {½-½ (52) Drewes,T (1844)-Gould,C (1974) Schweinfurt 2016}) 14. Qc2 $16 Bxb5 15. Nxb5 Ne8 16. Bc3 Nc7 17. Nxc7 Qxc7 18. Bxg7 Kxg7 19. Nd4 Rb7 20. Nb5 Qa5 21. b3 Qb4 22. Rac1 Nb6 23. e5 c4 {[#]} (23... dxe5 $142 24. Qxc5 Qxc5 25. Rxc5 Nc8) 24. bxc4 ({Only move:} 24. Qe4 $1 $16) 24... dxe5 $14 25. Qe4 {Strongly threatening d6.} f6 (25... Qc5 $1 $14) 26. d6 Rab8 27. Nc7 {aiming for Rb1.} Nd7 {Precision: White = 45%, Black = 53%.} (27... Nxa4 $16 28. Qc6 Rb6) 1-0

[Event "8th HDBank Cup 2018"]
[Site "Hanoi"]
[Date "2018.03.12"]
[Round "5"]
[White "Nguyen Anh Khoi"]
[Black "Tran, Tuan Minh"]
[Result "1-0"]
[WhiteElo "2435"]
[BlackElo "2522"]
[Annotator "TA"]
[PlyCount "47"]
[EventDate "2018.??.??"]
[EventCountry "VIE"]
[SourceTitle "playchess.com"]
[Source "ChessBase"]
[SourceQuality "1"]

{[%evp 23,47,31,19,-11,142,141,175,167,212,210,243,251,252,240,253,241,361,343,365,345,345,335,322,307,781,727]} 1. d4 Nf6 2. c4 e6 3. g3 c5 4. d5 exd5 5. cxd5 d6 6. Nc3 g6 7. Bg2 Bg7 8. Nf3 O-O 9. O-O Re8 10. Bf4 Na6 11. Re1 {A62: Modern Benoni: Fianchetto Variation without early ...Nbd7} Bf5 12. Nh4 Bd7 {LiveBook: 6 Games} 13. Bxd6 $146 {The position is equal.} ({Predecessor:} 13. e4 c4 14. Qd2 Nc5 15. Bxd6 Nd3 16. Nf3 Ng4 17. Re2 Qb6 18. Bf4 Qxb2 19. Qxb2 Nxb2 {0-1 (40) Navara,D (2737)-Morozevich,A (2675) Biel 2017}) 13... g5 $2 (13... Ng4 $1 $11) 14. Nf3 $16 {[%cal Bh4f3,Bf3d2,Bd2c4,Bc4e5,Be5d3,Bd3f4][%mdl 32]} Qb6 15. Be5 g4 {[#]} 16. Nd2 $1 Rxe5 17. Nc4 $1 {[%csl LRb6,LRe5]} Qb4 ({Avoid the trap} 17... Qc7 $2 18. d6 $18) 18. Nxe5 {aiming for Rb1.} Qxb2 19. Rc1 {e4 is the strong threat.} Re8 (19... Ne4 $142) 20. Nd3 Qa3 21. e4 c4 22. Nf4 Re5 23. Qd4 Nc5 $2 {[#]} (23... Ne8 24. Qxc4 Nd6) 24. Qxe5 1-0

[Event "8th HDBank Cup 2018"]
[Site "Hanoi"]
[Date "2018.03.12"]
[Round "5"]
[White "Pham Chuong"]
[Black "Sivuk, Vitaly"]
[Result "1/2-1/2"]
[WhiteElo "2393"]
[BlackElo "2526"]
[Annotator "TA"]
[PlyCount "120"]
[EventDate "2018.??.??"]
[EventCountry "VIE"]
[SourceTitle "playchess.com"]
[Source "ChessBase"]
[SourceQuality "1"]

{[%evp 15,120,47,52,3,42,29,54,0,43,40,61,56,47,50,57,39,45,52,54,35,35,20,16,13,1,0,0,0,0,0,0,0,0,0,0,0,0,0,38,0,81,-35,0,0,0,-97,-68,-80,0,0,0,0,45,29,9,-76,0,0,0,0,0,0,0,0,0,6,2,20,196,0,0,-54,152,0,100,-60,148,0,380,358,332,8,8,8,8,8,8,8,8,8,8,8,8,8,8,8,8,8,8,8,8,8,8,0,8,0,8]} 1. d4 Nf6 2. c4 g6 3. Nc3 Bg7 4. e4 d6 5. Be2 O-O 6. Bg5 Na6 7. Qd2 c6 8. f3 {E73: King's Indian: Averbakh Variation without 6...c5} (8. Rd1 Nc7 9. Bf3 Be6 10. b3 Qc8 11. h3 b5 12. cxb5 cxb5 13. Nge2 b4 14. Na4 Rb8 15. Rc1 Qd8 {½-½ (49) Le,Q (2726)-Naiditsch,A (2712) Danzhou 2017}) 8... Nc7 {LiveBook: 5 Games} 9. Be3 Rb8 $146 ({Predecessor:} 9... e5 10. d5 cxd5 11. cxd5 Nh5 12. O-O-O Bd7 13. Bd3 b5 14. Kb1 Qb8 {0-1 (49) Buckley,G (2417)-Trent,L (2387) London 2005}) 10. a4 {White is slightly better.} Na6 11. g4 (11. Bd1 $14) 11... c5 12. d5 Nb4 13. Nh3 e6 14. Nf2 exd5 15. cxd5 a6 16. h4 h5 17. Bg5 Qe8 18. Rc1 hxg4 19. fxg4 Nh7 20. Be3 Bd7 21. h5 Bxa4 22. Bh6 {[#]} g5 $1 {[%mdl 512]} 23. Bxg5 Nxg5 24. Qxg5 Kh8 $1 25. Qf4 Rd8 26. g5 Nc2+ 27. Kf1 Nd4 (27... Be5 $1 $11 28. Qd2 Nd4) 28. Nxa4 (28. Ng4 $16 {Threatens to win with h6.} Bb3 29. Rh2) 28... Nxe2 29. Kxe2 Qxa4 30. g6 (30. Ng4 $11) 30... Qb5+ 31. Kd1 {h6 is the strong threat.} fxg6 (31... Kg8 $1 $17 {aiming for ...fxg6.} 32. Rc2 fxg6) 32. hxg6+ $11 Kg8 33. Qh4 {[%csl Gg6,Gh1][%cal Rh4h7]} Rf6 (33... Rxf2 $5 34. Qxf2 Qd3+ 35. Qd2 Qxe4 $11) 34. Rc2 $1 Re8 35. Rg1 (35. Kc1 $11) 35... Kf8 (35... Qa4 $17 {Strongly threatening ...Qa1+.} 36. Rh1 b6) 36. Kc1 Qb3 37. Rg3 Qb4 {Black wants to play ...Qe1+.} 38. Rg1 Qd4 39. Kb1 Qe3 40. Qh2 Qf4 41. Qh3 Ke7 $2 (41... Qh6 $11) 42. Qb3 $2 (42. Qh7 $18 Qh6 43. e5) 42... b5 43. Qh3 (43. Nd3 $11 Qe3 44. Re1) 43... Qh6 $2 (43... Rh8 $15 44. Qd3 Qh2) 44. Qg3 $2 (44. Qxh6 $16 Bxh6 45. e5 $1 {[%mdl 512]}) 44... Qf4 {[#]} (44... Qh5 $1 $11 {remains equal.}) 45. Qh3 $2 (45. e5 $1 $16 {[%cal Re5f6]} dxe5 46. Qg2) 45... Qh6 $2 (45... Rh8 $15 {stays ahead.} 46. Qd3 Qh2) 46. Qg3 (46. Qxh6 $16 Bxh6 {[#]} 47. e5 $1 {[%mdl 512]}) 46... Ref8 $2 {[%mdl 8192]} (46... Qf4 $11) 47. e5 $18 Rf3 48. exd6+ $2 (48. Qg4 $18 {Qe6+ would kill now.} Kd8 49. Qe6 (49. Rh1 Qf4 $17) 49... Bxe5 50. g7 Qxe6 51. gxf8=R+ Rxf8 52. dxe6) 48... Kd8 $11 {The position is equal.} 49. Qg2 {Black must now prevent Ne4.} Qf4 {[%cal Rf3f2]} 50. Nh3 Rf1+ 51. Rxf1 Qxf1+ 52. Qxf1 Rxf1+ {[%mdl 4096] Endgame KRB-KRN} 53. Ka2 {And now Ng5 would win.} c4 54. Rf2 Rxf2 55. Nxf2 {KB-KN} Kd7 56. Ne4 a5 $132 {[%mdl 2048] Black is fighting back} 57. b3 cxb3+ 58. Kxb3 Be5 59. Ka3 Bg7 60. Kb3 Be5 {Precision: White = 39%, Black = 44%.} 1/2-1/2

[Event "8th HDBank Cup 2018"]
[Site "Hanoi"]
[Date "2018.03.12"]
[Round "5"]
[White "Zou, Chen"]
[Black "Le, Tuan Minh"]
[Result "0-1"]
[WhiteElo "2291"]
[BlackElo "2489"]
[Annotator "TA"]
[PlyCount "66"]
[EventDate "2018.??.??"]
[EventCountry "VIE"]
[SourceTitle "playchess.com"]
[Source "ChessBase"]
[SourceQuality "1"]

{[%evp 31,66,0,0,0,0,0,0,0,0,0,0,0,0,0,0,-25,-130,-405,-401,-542,-535,-535,-528,-1195,-1118,-1065,-1064,-864,-609,-3376,-3238,-2018,-1198,-29993,-29994,-29994,-29995]} 1. e4 c5 2. Nf3 d6 3. d4 cxd4 4. Nxd4 Nf6 5. Nc3 g6 6. Be3 Bg7 7. f3 O-O 8. Qd2 Nc6 9. Bc4 Bd7 10. O-O-O Rb8 11. Bb3 Na5 12. Bh6 {B77: Sicilian Dragon: Yugoslav Attack, 9 Bc4 sidelines} (12. h4 b5 13. h5 Nc4 14. Bxc4 bxc4 15. hxg6 fxg6 16. Bh6 Qb6 17. b3 Bxh6 18. Qxh6 Qa5 19. Kb2 Rfc8 20. Nd5 cxb3 21. axb3 Kf7 22. Qd2 Qxd2 23. Rxd2 {½-½ (46) Fedoseev,V (2724)-Nakamura,H (2787) Moscow 2018}) 12... Bxh6 13. Qxh6 b5 {[%cal Bb7b5,Bb5b4][%mdl 32]} 14. h4 {[%cal Bh2h4,Bh4h5][%mdl 32]} e5 15. Nde2 b4 16. Nd5 Nxb3+ {LiveBook: 54 Games} 17. axb3 {[#] Threatens to win with h5.} Nxd5 18. Rxd5 Rb6 19. h5 g5 20. Rxd6 f6 $146 21. Rhd1 Rxd6 22. Rxd6 Qe7 $36 {[%mdl 2048] Black has the initiative.} 23. Rd2 a5 24. Ng3 $2 {[%mdl 8192] [#]} (24. Kd1 $17) 24... Be6 $1 $19 25. Nf5 Bxf5 $1 26. exf5 {[%mdl 4096] Endgame KQR-KQR} Ra8 27. Kd1 a4 28. bxa4 Rxa4 29. Rd3 Ra8 {White must now prevent ...e4.} 30. Ke1 e4 31. Re3 Qd6 {( -> ...Qg3+)} 32. fxe4 Ra1+ 33. Kf2 Qd2+ {Precision: White = 27%, Black = 92%.} 0-1